000 00286nam a22001217a 4500
008 170605b xxu||||| |||| 00| 0 eng d
041 _aeng
080 _a94
100 _a18
101 _aSHH
245 _aA BATTLEFIELD ATLAS OF THE CIVIL WAR
_cSYMONDS.CRAIG.L
942 _2udc
_cBK
999 _c15983
_d15983